| 000 | 00709 a2200181 4500 | ||
|---|---|---|---|
| 003 | Nust | ||
| 005 | 20170207153208.0 | ||
| 040 | _cNust | ||
| 082 | _a005.1 | ||
| 100 | _aRizvi, Syed Khurram (MSCS-11) | ||
| 245 |
_aImplementation and analysis of wavelet based embedded image compression algorithms-SLSC _cSyed Khurram Rizvi |
||
| 260 |
_bMCS,NUST _c2006 _aRawalpindi |
||
| 300 | _avii, 68, p.; | ||
| 505 | _aImage compression fundamentals (page-1) Wavelet transform based coding schemes (page-6) Methodology (page-15) Implementation (page-25) Experimental results and discussion (page-37) Conclusion and future work (page-64) | ||
| 538 | _aAlmirah No 73 Shelf No 2 | ||
| 650 | _aPG Thesis | ||
| 651 | _aMSCS-11 | ||
| 942 | _cTHS | ||
| 999 |
_c181286 _d181286 |
||